[Event "GER-chT U14 Girls"]
[Site "Dittrichshuette"]
[Date "2008.12.27"]
[Round "2.4"]
[White "Kupzok, Ricarda"]
[Black "Hetzner, Maria"]
[Result "1/2-1/2"]
[WhiteElo "1048"]
[BlackElo "943"]
[PlyCount "83"]
[EventDate "2008.12.27"]
[EventType "team-swiss"]
[EventRounds "7"]
[EventCountry "GER"]
[SourceTitle "EXT 2010"]
[Source "ChessBase"]
[SourceDate "2010.11.25"]
[SourceVersion "1"]
[SourceVersionDate "2010.11.25"]
[SourceQuality "1"]
[WhiteTeam "Porta Westfalica"]
[BlackTeam "Erlangen"]
[WhiteTeamCountry "GER"]
[BlackTeamCountry "GER"]

1. e4 b6 2. Nf3 Bb7 3. Nc3 e6 4. Bb5 Bb4 5. d3 Nf6 6. Bg5 Be7 7. 0-0 0-0 8. Re1 h6 9. Bh4 c5 10. a3 d5 11. h3 Nc6 12. Bxc6 Bxc6 13. Nh2 Re8 14. e5 Nd7 15. Bxe7 Qxe7 16. Qg4 d4 17. Ne2 Nxe5 18. Qg3 Nd7 19. f4 Nf6 20. Nc1 Qd7 21. Ne2 Qd5 22. Rf1 Nh5 23. Qg4 Nf6 24. Qg3 Nh5 25. Qf3 Qxf3 26. gxf3 e5 27. f5 Nf6 28. b4 Nd5 29. Rab1 Rab8 30. Kf2 Ne3 31. Rfc1 Nxf5 32. Ng3 Nxg3 33. Kxg3 Re6 34. bxc5 b5 35. Ng4 Bd7 36. h4 Rc8 37. f4 exf4+ 38. Kxf4 Rxc5 39. a4 a6 40. a5 h5 41. Nf2 Re2 42. Ne4 1/2-1/2

[Event "GER-chT U14 Girls"]
[Site "Stuttgart"]
[Date "2007.12.29"]
[Round "6.4"]
[White "Finke, Lara"]
[Black "Kupzok, Ricarda"]
[Result "1-0"]
[WhiteElo "783"]
[BlackElo "947"]
[PlyCount "59"]
[EventDate "2007.12.27"]
[EventType "team-swiss"]
[EventRounds "7"]
[EventCountry "GER"]
[SourceTitle "EXT 2009"]
[Source "ChessBase"]
[SourceDate "2008.11.26"]
[SourceVersion "1"]
[SourceVersionDate "2008.11.26"]
[SourceQuality "1"]
[WhiteTeam "Dortmund SV U14 Girls"]
[BlackTeam "Porta Westfalica U14 Girls"]
[WhiteTeamCountry "GER"]
[BlackTeamCountry "GER"]

1. d4 d5 2. c4 c6 3. Nc3 Nf6 4. Bg5 h6 5. Bxf6 exf6 6. Nf3 Bb4 7. Rc1 0-0 8. e3 f5 9. Bd3 Bxc3+ 10. Rxc3 Re8 11. 0-0 Qf6 12. Qd2 Nd7 13. Re1 Nf8 14. cxd5 cxd5 15. h3 Ng6 16. Bc2 Nh4 17. Nxh4 Qxh4 18. Rc7 Qg5 19. g3 h5 20. Bb3 Be6 21. Rxb7 h4 22. Kh2 f6 23. gxh4 Qxh4 24. f4 g5 25. Kg2 g4 26. hxg4 fxg4 27. Rh1 Qh3+ 28. Rxh3 gxh3+ 29. Kh2 Kh8 30. Qf2 1-0